000 00498nam a2200181Ia 4500
008 090123s9999 xx 000 0 und d
082 _b33807
100 _aभावे पु. भा.
245 _aझुंबर
250 _a1
260 _bकॉन्टिनेंटल प्रकाशन
_c1999
300 _a176
600 _aभावे पु. भा.
630 _aझुंबर
700 _aभावे पु. भा.
730 _aझुंबर
942 _cBOOK
999 _c71842
_d71842